000 00548nam a2200181Ia 4500
003 GCL
008 140319s9999 xx 000 0 ara d
040 _aGCL /
_cGCL
082 0 4 _a929.91497
_bف غ
100 1 _aفريزر، انجوس سر
245 1 0 _aالغجر /
_cفريزر، انجوس سر
260 _aالقاهرة :
_bالمجلس الاعلى للثقافة ،
_c2001
300 _a369 ص ؛
_c24 سم
650 0 4 _aالامبراطورية البيزنطية
650 0 4 _aاوربا
650 0 4 _aالغجر
942 _2ddc
_cBK
999 _c5246
_d5246